Prontuario azul de las calles de Guadalajara, Tlaquepaque, Zapopan = New blue book : guide of the city of Guadalajara, Tlaquepaque, Zapopan

Guardado en:
Detalles Bibliográficos
Formato: Libro
Temas:
Etiquetas: Agrega una etiqueta
Sin etiquetas, Sé el primero en etiquetar este registro!

MARC

LEADER 00000nam^a2200000^u^4500
001 000548563
005 20250521000000.0
008 060220s1000^^^^^^^^^^^^r^^^^^000^0^spa^d
009 20260310131455.296
035 |a FMI 000018311 
037 |a Acervo Xavier Clavigero 
096 |a 3.7/1/A 
245 0 0 |a Prontuario azul de las calles de Guadalajara, Tlaquepaque, Zapopan = New blue book : guide of the city of Guadalajara, Tlaquepaque, Zapopan 
264 |a Guadalajara, Jal. : Asorva 
300 |a 130 p. 
336 |a texto  |b txt  |2 rdacontenido 
337 |a sin mediación  |b n  |2 rdamedio 
338 |a volumen  |b nc  |2 rdasoporte 
649 |a XX 
650 |a 1.Guadalajara 
910 |a Fondo Francisco Migoya Covarrubias S.J. 
920 |a Impresos - Libros 
930 |a Fondos Especiales 
905 |a 134 
901 |a SBC27046  |b IT2  |c ESP  |u 20250521 
902 |a https://opac.biblio.iteso.mx/vufind/Record/000548563